| 000 | 01016nam a22002537a 4500 | ||
|---|---|---|---|
| 005 | 20170123164147.0 | ||
| 010 | _aB-029048 | ||
| 020 | _c100.00 | ||
| 035 | _aB-029048 | ||
| 037 | _bCen Lib/Ret | ||
| 040 |
_aDPL _bPN |
||
| 082 |
_aਕ _bਵਿਰਦੀ |
||
| 100 |
_aਵਿਰਦੀ, ਜਸਵੰਤ ਸਿੰਘ _94285 |
||
| 245 |
_aਸੰਖ ਚ ਸਮੁੰਦਰ : _cਬੀ ਜਸਵੰਤ ਸਿੰਘ ਵਿਰਦੀ _bਬਾਲਾ ਲੀਈ ਕਹਾਣੀਆ / |
||
| 246 |
_aSankh ch samundar : stories for children / _bby Jaswant Singh Virdi |
||
| 260 |
_aਦਿੱਲੀ _bਔਚ. ਕੇ. ਪ੍ਰਕਾਸ਼ਨ _c2000 |
||
| 270 |
_a16/16 (1st Floor) ਗੀਤਾ ਕਾਲੋਨੀ _bਦਿੱਲੀ |
||
| 300 |
_a88p ; _c20cm |
||
| 650 |
_aਪੰਜਾਬੀ ਕਹਾਣੀਆ _9123115 |
||
| 650 |
_aਸਾਹਿਤ -- ਪੰਜਾਬੀ _9123116 |
||
| 650 |
_aliterature -- Punjabi _9114104 |
||
| 650 |
_aPunjabi -- story _9116063 |
||
| 942 |
_2ddc _cPN _hਕ _mਵਿਰਦੀ |
||
| 999 |
_c110101 _d110101 |
||